Incidence of TPD in a drought-prone non-traditional zone in India (Record no. 60989)

MARC details
000 -LEADER
fixed length control field 00575nam a2200169Ia 4500
100 ## - MAIN ENTRY--AUTHOR NAME
Personal name Chandrasekhar T R
245 #0 - TITLE STATEMENT
Title Incidence of TPD in a drought-prone non-traditional zone in India
260 ## - PUBLICATION, DISTRIBUTION, ETC. (IMPRINT)
Name of publisher In: Tapping Panel Dryness of Rubber Trees (Eds.James Jacob; R Krishnakumar and N.M. Mathew) Rubber Research Institute of India, Kottayam, 2006, pp.79-82.
650 ## - SUBJECT ADDED ENTRY--TOPICAL TERM
Topical Term Drought
650 ## - SUBJECT ADDED ENTRY--TOPICAL TERM
Topical Term Non-traditional area
650 ## - SUBJECT ADDED ENTRY--TOPICAL TERM
Topical Term North Konkan
650 ## - SUBJECT ADDED ENTRY--TOPICAL TERM
Topical Term TPD
700 ## - ADDED ENTRY--PERSONAL NAME
Personal name Prakash P G
700 ## - ADDED ENTRY--PERSONAL NAME
Personal name Singh M
942 ## - ADDED ENTRY ELEMENTS (KOHA)
Koha item type Journals
Holdings
Withdrawn status Lost status Damaged status Not for loan Home library Current library Shelving location Date acquired Koha item type
      Journals RRII Library RRII Library Plant physiology 18/06/2007 Journals